Central Library OPAC University of Rajshahi

Time change : (Record no. 27256)

MARC details
000 -LEADER
fixed length control field 00922cam a2200313 i 4500
001 - CONTROL NUMBER
control field 27256
003 - CONTROL NUMBER IDENTIFIER
rucl marc code BD-RjUL
005 - DATE AND TIME OF LATEST TRANSACTION
control field 20211209051131.0
008 - FIXED-LENGTH DATA ELEMENTS--GENERAL INFORMATION
fixed length control field 140324s1980 nyuaf 000 0aeng
020 ## - INTERNATIONAL STANDARD BOOK NUMBER
International Standard Book Number 0671412256
035 ## - SYSTEM CONTROL NUMBER
System control number (BD-RjUL)27328
System control number (OCoLC)ocm06863823
System control number (CStRLIN)NYCG82-B689
System control number (BD-RjUL)27328
System control number (NNC)126015
040 ## - CATALOGING SOURCE
Original cataloging agency BD-RjUL
Language of cataloging eng
Transcribing agency BD-RjUL
Modifying agency BD-RjUL
041 ## - LANGUAGE CODE
Language code of text/sound track or separate title eng
082 0# - DEWEY DECIMAL CLASSIFICATION NUMBER
Classification number 954.16700994
-- B
Edition number 19
Author mark and year COT 1980
090 ## - LOCALLY ASSIGNED LC-TYPE CALL NUMBER (OCLC); LOCAL CALL NUMBER (OCLC)
Classification number (OCLC) (R) ; Classification number, CALL (RLIN) (NR) DS485.S576
Local cutter number (OCLC) ; Book number/undivided call number, CALL (RLIN) C663
100 1# - MAIN ENTRY--PERSONAL NAME
Personal name Cooke, Hope,
Dates associated with a name 1940-
9 (RLIN) 83630
245 10 - TITLE STATEMENT
Title Time change :
Remainder of title an autobiography /
Statement of responsibility, etc. Hope Cooke.
260 ## - PUBLICATION, DISTRIBUTION, ETC. (IMPRINT)
Place of publication, distribution, etc. New York :
Name of publisher, distributor, etc. Simon and Schuster,
Date of publication, distribution, etc. c1980.
300 ## - PHYSICAL DESCRIPTION
Pagination 285 p., [8] leaves of plates :
Illustrations ill. ;
Size 24 cm.
600 10 - SUBJECT ADDED ENTRY--PERSONAL NAME
Personal name Cooke, Hope,
Dates associated with a name 1940-
650 #0 - SUBJECT ADDED ENTRY--TOPICAL TERM
Topical term or geographic name as entry element Queens
Geographic subdivision India
-- Sikkim
Form subdivision Biography.
9 (RLIN) 83632
942 ## - ADDED ENTRY ELEMENTS (KOHA)
Source of classification or shelving scheme Dewey Decimal Classification
Koha item type Books
Holdings
Lost status Source of classification or shelving scheme Damaged status Not for loan Collection code Permanent Location Current Location Shelving location Date acquired Source of acquisition Total Checkouts Full call number Date last seen Copy number Koha item type
  Dewey Decimal Classification   Added to bundle Non-fiction Central Library, University of Rajshahi Central Library, University of Rajshahi Reading Room 24/02/1985 asia foundation   954.16700994 COT 1980 24/03/2014 C-1 Books